Turner & the sea : [... to accompany the Exhibition Turner and the Sea, National Maritime Museum, Greenwich, London, 21 November 2013 - 21 April 2014 ; Peabody Essex Museum, Salem, Massachusetts, 31 May - 1 September 2014]
Saved in:
| Other Authors: | |
|---|---|
| Document Type: | Conference Proceeding Book |
| Language: | English |
| Published: |
London
: Thames & Hudson
, 2013
|
| Subjects: | |
| Related Items: | Erscheint auch als:
Turner und das Meer Rezensiert in: Turner and the sea |
| Author Notes: | Christine Riding and Richard Johns. National Maritime Museum |
| LEADER | 03920cam a2200817 c 4500 | ||
|---|---|---|---|
| 001 | 773890114 | ||
| 003 | DE-627 | ||
| 005 | 20260617211741.0 | ||
| 007 | tu | ||
| 008 | 131209s2013 xxk||||| c 00| ||eng c | ||
| 010 | |a 2012955179 | ||
| 020 | |a 9780500239056 |q hbk |9 978-0-500-23905-6 | ||
| 020 | |a 0500239053 |q hbk |9 0-500-23905-3 | ||
| 024 | 3 | |a 9780500239056 | |
| 035 | |a (DE-627)773890114 | ||
| 035 | |a (DE-576)398817294 | ||
| 035 | |a (DE-599)BSZ398817294 | ||
| 035 | |a (OCoLC)1573848935 | ||
| 035 | |a (OCoLC)852259871 | ||
| 040 | |a DE-627 |b ger |c DE-627 |e rakwb | ||
| 041 | |a eng | ||
| 044 | |c XA-GB | ||
| 050 | 0 | |a N6797.T88 | |
| 082 | 0 | |a 759.2 |q LOC | |
| 084 | |a 9,10 |2 ssgn | ||
| 084 | |a LI 90850 |2 rvk |0 (DE-625)rvk/97300: | ||
| 084 | |a 20.22 |2 bkl | ||
| 084 | |a 20.31 |2 bkl | ||
| 084 | |a 21.02 |2 bkl | ||
| 245 | 0 | 0 | |a Turner & the sea |b [... to accompany the Exhibition Turner and the Sea, National Maritime Museum, Greenwich, London, 21 November 2013 - 21 April 2014 ; Peabody Essex Museum, Salem, Massachusetts, 31 May - 1 September 2014] |c Christine Riding and Richard Johns. National Maritime Museum |
| 246 | 3 | 3 | |a Turner and the sea |
| 264 | 1 | |a London |b Thames & Hudson |c 2013 | |
| 300 | |a 288 S. |b zahlr. Ill. |c 30 cm | ||
| 336 | |a Text |b txt |2 rdacontent | ||
| 336 | |a unbewegtes Bild |b sti |2 rdacontent | ||
| 337 | |a ohne Hilfsmittel zu benutzen |b n |2 rdamedia | ||
| 338 | |a Band |b nc |2 rdacarrier | ||
| 500 | |a Literaturangaben | ||
| 500 | |a Hier auch später erschienene, unveränderte Nachdrucke | ||
| 583 | 1 | |a Archivierung/Langzeitarchivierung gewährleistet |f SSG |x XA-DE-BW |2 pdager |5 DE-16 | |
| 600 | 1 | 0 | |a Turner, J. M. W |q (Joseph Mallord William) |d 1775-1851 |v Exhibitions |
| 600 | 1 | 0 | |a Turner, J. M. W. 1775-1851 |x Exhibitions |
| 600 | 1 | 0 | |a Turner, J. M. W. 1775-1851 |x Criticism and interpretation |
| 650 | 0 | |a Ships in art |v Exhibitions | |
| 650 | 0 | |a Sea in art |v Exhibitions | |
| 650 | 0 | |a Sea in art |x Exhibitions | |
| 650 | 0 | |a Ships in art |x Exhibitions | |
| 650 | 0 | |a Marine painting, British |x Exhibitions |x 19th century | |
| 655 | 7 | |a Ausstellungskatalog |y 2013 |z London |0 (DE-588)4135467-9 |0 (DE-627)10566491X |0 (DE-576)209660988 |2 gnd-content | |
| 689 | 0 | 0 | |d p |0 (DE-588)11862475X |0 (DE-627)035151099 |0 (DE-576)209139013 |a Turner, Joseph Mallord William |d 1775-1851 |2 gnd |
| 689 | 0 | 1 | |d s |0 (DE-588)4037563-8 |0 (DE-627)106236636 |0 (DE-576)209025220 |a Marinemalerei |2 gnd |
| 689 | 0 | |5 (DE-627) | |
| 700 | 1 | |a Riding, Christine |0 (DE-588)140123423 |0 (DE-627)703574442 |0 (DE-576)314690158 |4 oth | |
| 700 | 1 | |a Johns, Richard |4 oth | |
| 700 | 1 | |a Turner, Joseph Mallord William |d 1775-1851 |e Ill. |0 (DE-588)11862475X |0 (DE-627)035151099 |0 (DE-576)209139013 |4 ill | |
| 710 | 2 | |a National Maritime Museum |g London |0 (DE-588)1049610-5 |0 (DE-627)100169538 |0 (DE-576)191435325 |4 oth | |
| 710 | 2 | |a Peabody Essex Museum |0 (DE-588)5098419-6 |0 (DE-627)13291722X |0 (DE-576)194701395 |4 oth | |
| 711 | 2 | |a Exhibition Turner and the Sea |d 2013-2014 |c Greenwich; Salem, Mass. |0 (DE-588)1043723188 |0 (DE-627)770855709 |0 (DE-576)395241952 |4 oth | |
| 776 | 0 | 8 | |i Dt. Ausg. u.d.T. |a Turner und das Meer |
| 776 | 0 | 8 | |i Erscheint auch als |n Druck-Ausgabe |t Turner und das Meer |d Leipzig : Seemann, 2013 |h 288 S. |w (DE-627)743803450 |w (DE-576)391505467 |z 9783865023148 |
| 787 | 0 | 8 | |i Rezensiert in |a Gephart, Emily W. |t Turner and the sea |d 2015 |w (DE-627)1760413488 |
| 935 | |i Blocktest | ||
| 936 | r | v | |a LI 90850 |b Turner, William |k Kunstgeschichte |k Künstler-Monografien |k Alphabetische Künstlerliste |k Künstler T |k Turner, William |0 (DE-627)1271025051 |0 (DE-625)rvk/97300: |0 (DE-576)201025051 |
| 936 | b | k | |a 20.22 |j Natur |x Ikonographie |0 (DE-627)106406345 |
| 936 | b | k | |a 20.31 |j Bildende Künstler |0 (DE-627)181571080 |
| 936 | b | k | |a 21.02 |j Geschichte der Malerei |0 (DE-627)106406698 |
| 951 | |a BO | ||
| 990 | |a Turner, Joseph Mallord William | ||
| 990 | |a Marinemalerei | ||
| 991 | |a Rezensiertes Werk | ||
| 999 | |a KXP-PPN773890114 |e 4635350347 | ||


